000 00664nam a2200193 i 4500
001 86139
003 ES-MaACL
005 20230906175400.0
007 t|
008 190503s1854 sp ||||1| spa d
245 0 0 _aSegovia y Ávila
_b: contestación a Ávila y Segovia.
260 _aMadrid :
_b[s.n.],
_c1854 (
_fImp. de Luis García)
300 _a47 p. ;
_c22 cm.
530 _aDisponible en formato digital.
650 4 _aFerrocarriles-
_zSegovia (Provincia)
_9175872
650 4 _aFerrocarriles-
_zÁvila (Provincia)
_9166958
852 4 _aES-MaACL
_jT-43-F-11
856 4 _uhttp://bdh-rd.bne.es/viewer.vm?id=0000076920&page=1
_zBiblioteca Digital Hispánica
999 _c86139
_d86139